Countries Bordering Two Or More Oceans - Statistics

General Stats
  • This quiz has been taken 170 times
  • The average score is 16 of 20
Answer Stats
Hint Answer % Correct
3 Canada
96%
3 Russia
96%
3 Australia
94%
3 South Africa
94%
2 Mexico
91%
3 Chile
90%
2 Panama
90%
3 United States
87%
3 Argentina
86%
2 Honduras
81%
2 Nicaragua
80%
2 Colombia
79%
2 Costa Rica
79%
2 Indonesia
79%
2 Guatemala
78%
2 Malaysia
76%
2 Norway
76%
2 Egypt
61%
2 Thailand
60%
2 Israel
53%
No matching quizzes found
Score Distribution
Percent of People with Each Score
Percentile by Number Answered
Your Score History
You have not taken this quiz